| 000 | 00441nam a22001217a 4500 | ||
|---|---|---|---|
| 082 | _a22PRO | ||
| 100 |
_aGC Raja Umar Khalid. GC Muhammad Dawood Mustafa. PC Rao Asim. PC Mamoon Khan Project _973320 |
||
| 245 | _aPR-SOF-1968-Agri-Pro Integrated Undergroud Crop Harvester | ||
| 260 |
_aISLAMABAD _bNUST COLLEGE OF EME _c2020 |
||
| 650 | _aDE-MTS-38 | ||
| 700 |
_aSupervisor's Dr Amir Hamza Dr Waqar Shahid. Lec Usman Asad _973321 |
||
| 942 | _cCF | ||
| 999 |
_c579098 _d579098 |
||